The fat woman's joke = La broma de la mujer gorda /
Збережено в:
| Автор: | |
|---|---|
| Формат: | Невідомо |
| Мова: | English |
| Опубліковано: |
Chicago, IL :
Academy Chicago,
1967.
|
| Предмети: | |
| Теги: |
Додати тег
Немає тегів, Будьте першим, хто поставить тег для цього запису!
|
MARC
| LEADER | 000000000a22000000004500 | ||
|---|---|---|---|
| 001 | 015471 | ||
| 041 | 0 | |a eng | |
| 082 | 0 | 4 | |a 823.914 |b W443f |
| 100 | 1 | |a Weldon, Fay | |
| 245 | 1 | 4 | |a The fat woman's joke = |b La broma de la mujer gorda / |c Fay Weldon. |
| 246 | 3 | 1 | |a La broma de la mujer gorda |
| 260 | 1 | |a Chicago, IL : |b Academy Chicago, |c 1967. | |
| 300 | |a 189 páginas ; |c 21 cm | ||
| 650 | 4 | |a MUJERES | |
| 650 | 4 | |a DIETA | |
| 650 | 4 | |a PERDIDA DE PESO | |
| 500 | |a Colección George Yúdice | ||
| 999 | |c 21321 |d 21321 | ||
| 942 | |c BK |h 823.914 W443f |2 z | ||
